Desigualdad educativa en Costa Rica: la brecha entre estudiantes de colegio públicos y privados. Análisis con los resultados de la evaluación internacional PISA /
En este artículo se presentan los principales resultados del Programa Internacional de Evaluación de Estudiantes (PISA) de 2009 para Costa Rica y se analiza la brecha por tipo de colegio, donde se evidencia que los estudiantes que asisten a colegios privados obtienen mejores puntajes que aquellos de...
Sparad:
| Huvudupphovsman: | |
|---|---|
| Övriga upphovsmän: | |
| Materialtyp: | Text |
| Ämnen: | |
| Taggar: |
Lägg till en tagg
Inga taggar, Lägg till första taggen!
|
MARC
| LEADER | 00000 a a2200000 04500 | ||
|---|---|---|---|
| 001 | 46524 | ||
| 003 | |||
| 040 | |||
| 100 | |a Fernández A., Andrés | ||
| 245 | |a Desigualdad educativa en Costa Rica: |b la brecha entre estudiantes de colegio públicos y privados. Análisis con los resultados de la evaluación internacional PISA / |c Andrés Fernández A., Roberto del Valle A. | ||
| 520 | |a En este artículo se presentan los principales resultados del Programa Internacional de Evaluación de Estudiantes (PISA) de 2009 para Costa Rica y se analiza la brecha por tipo de colegio, donde se evidencia que los estudiantes que asisten a colegios privados obtienen mejores puntajes que aquellos de colegios públicos. Se estima una función de producción educativa, en la que se introducen variables que reflejen factores familiares y factores escolares. A partir de una muestra de 4351 estudiantes a nivel nacional, se concluye que la brecha de rendimiento entre colegios públicos privados es significativa y se explican en su mayor parte por el vector de factores familiares e individuales. | ||
| 590 | |a DISEMINAR072014/AMB/SETIEMBRE2014 | ||
| 650 | |a A)DESIGUALDAD SOCIAL | ||
| 650 | |a B)EDUCACION | ||
| 650 | |a C)RENDIMIENTOS | ||
| 650 | |a D)FAMILIA | ||
| 650 | |a E)CALIDAD DE LA EDUCACION | ||
| 650 | |a F)COSTA RICA | ||
| 700 | |a Valle A., Roberto del | ||
| 773 | |g número111 ( , 2013), páginas 37-57: tablas | ||
| 999 | |c 26626 |d 26626 | ||
